| 000 | 00561nam a22001817a 4500 | ||
|---|---|---|---|
| 005 | 20231214070023.0 | ||
| 008 | 231214b |||||||| |||| 00| 0 eng d | ||
| 020 | _a9781485138501 | ||
| 041 | _aEnglish | ||
| 082 | _a346.4 MUL | ||
| 100 |
_aMuller, G and Viljoen, S _lEnglish |
||
| 245 |
_aProperty in Housing / _cG Muller and S Viljoen |
||
| 250 | _aFirst Edition | ||
| 260 |
_aCape Town : _bJuta and Company (Pty) Ltd, _c2021 |
||
| 300 |
_bx, 558 pages ; _c25,5 cm. |
||
| 650 |
_aLegal practice _bLaw |
||
| 942 |
_cBK _6ALISON_BN_VRIES |
||
| 999 |
_c1194 _d1194 |
||